[Event "?"]
[Site "?"]
[Date "2014.04.15"]
[Round "1.1"]
[White "Erlbeck, Peter"]
[Black "Hirn, Oskar"]
[Result "0-1"]
[WhiteElo "2091"]
[BlackElo "2229"]
[PlyCount "70"]
[EventDate "2014.??.??"]
[WhiteTeam "SW Nürnberg Süd e.V."]
[BlackTeam "SC Noris-Tarrasch Nürnberg 1873"]

1. e4 d6 2. d4 Nf6 3. Nc3 c6 4. f4 Qa5 5. Bd3 e5 6. dxe5 dxe5 7. f5 Nbd7 8. Bd2
Bc5 9. Qe2 b5 10. g4 h6 11. Nh3 Qc7 12. O-O-O Bb7 13. g5 hxg5 14. Nxg5 Bd4 15.
Nf3 O-O-O 16. Qg2 Bb6 17. Kb1 Rhg8 18. Bg5 a6 19. Rhe1 Ba5 20. Be3 c5 21. Ng5
c4 22. Be2 Bxc3 23. bxc3 Nc5 24. Bxc5 Qxc5 25. Bf3 b4 26. Qg1 Qb5 27. Ka1 Kb8
28. Rb1 a5 29. Nxf7 Rd2 30. Qg3 Re8 31. cxb4 axb4 32. Qxg7 Rxc2 33. Rb2 Rxb2
34. Kxb2 c3+ 35. Ka1 b3 0-1

[Event "?"]
[Site "?"]
[Date "2014.04.15"]
[Round "1.2"]
[White "Ederer, Rene"]
[Black "Götz, Andreas"]
[Result "1/2-1/2"]
[WhiteElo "2116"]
[BlackElo "2116"]
[PlyCount "66"]
[EventDate "2014.??.??"]
[WhiteTeam "SC Noris-Tarrasch Nürnberg 1873"]
[BlackTeam "SC Erlangen 48/88 e.V."]

1. d4 d5 2. c4 e6 3. g3 Nf6 4. Bg2 Bb4+ 5. Bd2 Qe7 6. a3 Bxd2+ 7. Nxd2 Nbd7 8.
Ngf3 O-O 9. Rc1 c5 10. cxd5 exd5 11. dxc5 Nxc5 12. O-O Bd7 13. Nd4 Rac8 14.
N2f3 Qd6 15. b4 Nce4 16. Qb3 Rfe8 17. Rfd1 Ng4 18. Rxc8 Rxc8 19. Rf1 Rc3 20.
Qa2 Ngf6 21. Qb2 Qc7 22. h3 h6 23. Ra1 Nxf2 24. Kxf2 Ne4+ 25. Kg1 Qxg3 26. Qb1
Bxh3 27. Qf1 Bd7 28. Qe1 Qxe1+ 29. Nxe1 Bg4 30. Bf3 Bxf3 31. exf3 Nd6 32. Kf2
h5 33. Ne2 Rb3 1/2-1/2

[Event "?"]
[Site "?"]
[Date "2014.04.15"]
[Round "1.3"]
[White "Kroneder, Christian"]
[Black "Kotz, Reinhard"]
[Result "0-1"]
[WhiteElo "2059"]
[BlackElo "2180"]
[PlyCount "70"]
[EventDate "2014.??.??"]
[WhiteTeam "SK Schwanstetten 79 e.V."]
[BlackTeam "SV Puschendorf 1949 e.V."]

1. e4 Nf6 2. e5 Nd5 3. d4 d6 4. Nf3 dxe5 5. Nxe5 c6 6. Be2 Nd7 7. Nd3 g6 8. Bg5
Qa5+ 9. Bd2 Qb6 10. c4 N5f6 11. Bc3 Ne4 12. c5 Nxc3 13. Nxc3 Qc7 14. f4 Bg7 15.
Ne5 O-O 16. O-O Nf6 17. Bc4 e6 18. Qf3 Bd7 19. b4 Rad8 20. Rad1 Nd5 21. Ne4
Nxb4 22. Nd6 Bc8 23. f5 Bxe5 24. dxe5 exf5 25. g4 f4 26. Qxf4 Nd5 27. Qh6 Qe7
28. Ne4 Qxe5 29. Bxd5 Rxd5 30. Nf6+ Qxf6 31. Rxf6 Rxd1+ 32. Kg2 Rfd8 33. h3 Be6
34. Qe3 R8d2+ 35. Rf2 Rd3 0-1

[Event "?"]
[Site "?"]
[Date "2014.04.15"]
[Round "1.4"]
[White "Reis, Gerhard"]
[Black "Rausch, Wolfgang jr"]
[Result "1-0"]
[WhiteElo "2202"]
[BlackElo "2149"]
[PlyCount "65"]
[EventDate "2014.??.??"]
[WhiteTeam "SW Nürnberg Süd e.V."]
[BlackTeam "SV Lauf a.d.P."]

1. Nf3 b6 2. g3 Bb7 3. Bg2 e5 4. d4 exd4 5. Qxd4 Nc6 6. Qa4 Ne5 7. Nbd2 Ne7 8.
O-O Bc6 9. Qb3 N7g6 10. h4 Bd6 11. h5 Ne7 12. h6 gxh6 13. Nc4 Nxc4 14. Qxc4 Rg8
15. Bxh6 Nf5 16. Bf4 b5 17. Qd3 Qf6 18. Bxd6 Nxd6 19. Qd4 Rg6 20. Rad1 Qxd4 21.
Rxd4 f6 22. Nh4 Bxg2 23. Kxg2 Rg5 24. Rfd1 O-O-O 25. Rd5 Re8 26. e3 Ree5 27.
R5d4 Rc5 28. c3 Rc4 29. Nf3 Rxd4 30. Rxd4 Nf5 31. Rf4 Rh5 32. g4 Nh4+ 33. Kg3
1-0

[Event "?"]
[Site "?"]
[Date "2014.04.15"]
[Round "1.5"]
[White "Vogiatzis, Dimitrios"]
[Black "Miller, Eduard"]
[Result "0-1"]
[WhiteElo "2107"]
[BlackElo "2094"]
[PlyCount "78"]
[EventDate "2014.??.??"]
[WhiteTeam "SC Noris-Tarrasch Nürnberg 1873"]
[BlackTeam "SC Erlangen 48/88 e.V."]

1. e4 c5 2. Nc3 a6 3. a4 Nc6 4. f4 g6 5. Nf3 Bg7 6. Be2 d6 7. O-O Nf6 8. d3 O-O
9. Qe1 Bg4 10. h3 Bxf3 11. Bxf3 Nd4 12. Bd1 b5 13. axb5 axb5 14. Rxa8 Qxa8 15.
Ne2 Nc6 16. c3 Nd7 17. Bc2 Qa2 18. Qd1 Nb6 19. f5 c4 20. fxg6 hxg6 21. d4 b4
22. Be3 b3 23. Bb1 Qxb2 24. d5 Na4 25. dxc6 Nxc3 26. Nxc3 Qxc3 27. Bf2 Qe5 28.
Qc1 Qb5 29. Bh4 c3 30. Bxe7 Bd4+ 31. Kh1 Be3 32. Qd1 Re8 33. c7 c2 34. Qf3
Qxf1+ 35. Qxf1 Rc8 36. Bxd6 c1=Q 37. Bd3 b2 38. Ba3 Qxf1+ 39. Bxf1 b1=Q 0-1

[Event "?"]
[Site "?"]
[Date "2014.04.15"]
[Round "1.6"]
[White "Wagner, Florian"]
[Black "Hirn, Erwin"]
[Result "1-0"]
[WhiteElo "2189"]
[BlackElo "2165"]
[PlyCount "65"]
[EventDate "2014.??.??"]
[WhiteTeam "SC Noris-Tarrasch Nürnberg 1873"]
[BlackTeam "SW Nürnberg Süd e.V."]

1. e4 c6 2. d4 d5 3. f3 dxe4 4. fxe4 e5 5. Nf3 exd4 6. Bc4 Be7 7. O-O Nf6 8.
Ng5 O-O 9. Nxf7 Rxf7 10. Bxf7+ Kxf7 11. e5 Kg8 12. exf6 Bxf6 13. Nd2 Be6 14.
Ne4 Be7 15. Qh5 Nd7 16. Ng5 Bxg5 17. Bxg5 Qa5 18. Rae1 Qd5 19. Qh4 Rf8 20.
Rxf8+ Nxf8 21. h3 c5 22. a3 Qf5 23. Re2 h6 24. Bc1 Bc4 25. Rf2 Qe6 26. Bd2 Ng6
27. Qg4 Qe8 28. b4 b6 29. bxc5 bxc5 30. Qh5 Qc6 31. Bf4 Qe4 32. Bg3 Qd5 33.
Qxg6 1-0

[Event "?"]
[Site "?"]
[Date "2014.04.15"]
[Round "1.7"]
[White "Surinya, Tibor"]
[Black "Just, Hannes"]
[Result "1/2-1/2"]
[WhiteElo "2063"]
[BlackElo "2137"]
[PlyCount "83"]
[EventDate "2014.??.??"]
[WhiteTeam "SC Noris-Tarrasch Nürnberg 1873"]
[BlackTeam "SW Nürnberg Süd e.V."]

1. d4 d6 2. Nf3 Bg4 3. h3 Bxf3 4. gxf3 Nf6 5. c4 Nbd7 6. Nc3 e5 7. d5 Be7 8. e4
Nh5 9. Be3 Bg5 10. Qd2 Bxe3 11. fxe3 Qh4+ 12. Qf2 Qxf2+ 13. Kxf2 c6 14. b4 Ke7
15. Bd3 Rhc8 16. Rhc1 c5 17. b5 g6 18. Rab1 Rf8 19. Rg1 f6 20. Rb3 Nb6 21. Ra3
Rf7 22. Ne2 Kd7 23. f4 Nc8 24. f5 Ne7 25. Rb3 b6 26. a4 Ng7 27. Ng3 a6 28. Rgb1
Nc8 29. Bc2 axb5 30. axb5 Ke8 31. Bd3 Ra2+ 32. R1b2 Rfa7 33. Bb1 Rxb2+ 34. Rxb2
Ra1 35. Bd3 Kf7 36. Rd2 Ne7 37. Ke2 Ng8 38. Rd1 Rxd1 39. Kxd1 h5 40. h4 Nh6 41.
fxg6+ Kxg6 42. Ke2 1/2-1/2

[Event "?"]
[Site "?"]
[Date "2014.04.15"]
[Round "1.8"]
[White "Saathoff, Richard"]
[Black "Brenner, Christian"]
[Result "1/2-1/2"]
[WhiteElo "2139"]
[BlackElo "2064"]
[PlyCount "73"]
[EventDate "2014.??.??"]
[WhiteTeam "SW Nürnberg Süd e.V."]
[BlackTeam "Spvg Zabo-Eintracht Nürnberg e.V"]

1. e4 e5 2. f4 Bc5 3. Nf3 Nc6 4. fxe5 Nxe5 5. Nxe5 Qh4+ 6. g3 Qxe4+ 7. Qe2 Qxh1
8. d4 Be7 9. Nf3 Nf6 10. Bg5 O-O 11. Nbd2 d6 12. O-O-O Bg4 13. Bh3 Qxd1+ 14.
Kxd1 Bxh3 15. Qxe7 Rac8 16. Qe1 Rfe8 17. Qg1 Ng4 18. Nc4 h6 19. Bd2 Re6 20. Kc1
Rce8 21. d5 Rf6 22. Ne1 b5 23. Na3 Rf2 24. Nxb5 Ree2 25. Bc3 a6 26. Nd4 Re4 27.
Nb3 Ree2 28. Nd2 Ne5 29. Nd3 Nxd3+ 30. cxd3 Rxd2 31. Bxd2 Rf1+ 32. Qxf1 Bxf1
33. Ba5 Bxd3 34. Bxc7 Bc4 35. a3 Kf8 36. Bxd6+ Ke8 37. Kd2 1/2-1/2

[Event "?"]
[Site "?"]
[Date "2014.04.15"]
[Round "1.9"]
[White "Rausch, Wolfgang sr"]
[Black "Seibold, Hubert"]
[Result "0-1"]
[WhiteElo "1888"]
[BlackElo "2163"]
[PlyCount "152"]
[EventDate "2014.??.??"]
[WhiteTeam "SC Noris-Tarrasch Nürnberg 1873"]
[BlackTeam "SK Zirndorf e.V."]

1. c4 c5 2. Nc3 Nc6 3. Nf3 g6 4. d4 cxd4 5. Nxd4 Nf6 6. e4 Nxd4 7. Qxd4 d6 8.
Be2 Bg7 9. Qd1 O-O 10. O-O a5 11. Be3 a4 12. Rc1 Qa5 13. f3 Be6 14. a3 Nd7 15.
Bd4 Bh6 16. Rc2 Nc5 17. Nd5 Bxd5 18. exd5 Bg7 19. Bf2 Rac8 20. Re1 Bf6 21. Bf1
Rc7 22. g3 Nb3 23. Re4 Nc5 24. Re1 Rfc8 25. Kg2 Nb3 26. Re4 b5 27. Bd3 bxc4 28.
Rexc4 Nc5 29. Be2 Rb7 30. Be1 Qa8 31. Bb4 Rbb8 32. Bf1 Nb3 33. Rxc8+ Rxc8 34.
Rxc8+ Qxc8 35. Bb5 Qa8 36. Bc6 Qa6 37. Qf1 Qa7 38. Qe2 h5 39. h4 Nd4 40. Qc4
Nf5 41. Qe2 Be5 42. f4 Bf6 43. Be1 Qb6 44. Bf2 Qxb2 45. Qxb2 Bxb2 46. Bxa4 Bxa3
47. Kf3 Bc5 48. Be1 Bd4 49. Bd7 Bb2 50. Bf2 Bc3 51. Ke4 Nh6 52. Kf3 Kg7 53. Bb6
Nf5 54. Bf2 Kf6 55. g4 hxg4+ 56. Kxg4 Nh6+ 57. Kf3 Kg7 58. Ke4 Ng8 59. Kd3 Bb2
60. Bg4 f5 61. Bd1 Bc1 62. Bg3 Nf6 63. Bf3 Nh5 64. Bh2 Bxf4 65. Bxh5 Bxh2 66.
Bd1 Kh6 67. Ke3 Bg3 68. h5 gxh5 69. Kf3 Be5 70. Kg2 Kg5 71. Bf3 h4 72. Kh3 Kf4
73. Kg2 h3+ 74. Kf2 Bd4+ 75. Ke2 Kg3 76. Bh1 Kh2 0-1

[Event "?"]
[Site "?"]
[Date "2014.04.15"]
[Round "1.10"]
[White "Meulner, Klaus"]
[Black "Zhao, Kevin"]
[Result "1-0"]
[WhiteElo "2123"]
[BlackElo "1867"]
[PlyCount "65"]
[EventDate "2014.??.??"]
[WhiteTeam "SW Nürnberg Süd e.V."]
[BlackTeam "SC Erlangen 48/88 e.V."]

1. d4 e6 2. Nf3 f5 3. d5 d6 4. dxe6 Bxe6 5. Ng5 Qd7 6. Nxe6 Qxe6 7. g3 Nf6 8.
Bg2 c6 9. Nd2 Be7 10. O-O O-O 11. c3 Nbd7 12. Qb3 Nc5 13. Qxe6+ Nxe6 14. Nc4
Nd7 15. Na5 Rab8 16. Rd1 Ndc5 17. Be3 d5 18. c4 dxc4 19. Nxc4 Rbd8 20. Rac1 f4
21. gxf4 Nxf4 22. Rxd8 Bxd8 23. Bf3 Nce6 24. Rd1 Nh3+ 25. Kf1 Bc7 26. Bg4 Neg5
27. Rd7 Bxh2 28. Kg2 Bf4 29. Bd4 Rf7 30. Rd8+ Rf8 31. Rxf8+ Kxf8 32. Bxh3 Nxh3
33. Kxh3 1-0

[Event "?"]
[Site "?"]
[Date "2014.04.15"]
[Round "1.11"]
[White "Schlötterer, Hermann"]
[Black "Willim, Michael"]
[Result "0-1"]
[WhiteElo "1944"]
[BlackElo "2141"]
[PlyCount "70"]
[EventDate "2014.??.??"]
[WhiteTeam "Spvg Zabo-Eintracht Nürnberg e.V"]
[BlackTeam "SC Erlangen 48/88 e.V."]

1. d4 g6 2. g3 Bg7 3. Bg2 d6 4. e4 c5 5. Ne2 cxd4 6. Nxd4 Qb6 7. Nb3 Nf6 8. Nc3
Bg4 9. Qd3 Nc6 10. Be3 Ne5 11. Qb5+ Qxb5 12. Nxb5 Rc8 13. N3d4 a6 14. Nc3 Nc4
15. Bc1 Nd7 16. Nde2 b5 17. f3 Be6 18. Nf4 Nxb2 19. Bxb2 Bxc3+ 20. Bxc3 Rxc3
21. Kd2 Ra3 22. Nxe6 fxe6 23. f4 e5 24. f5 O-O 25. Rhf1 Nb6 26. fxg6 hxg6 27.
Rxf8+ Kxf8 28. Bh3 Nc4+ 29. Ke2 Re3+ 30. Kf2 Rc3 31. Be6 Rxc2+ 32. Kf3 Rxh2 33.
Kg4 Kg7 34. a4 Ne3+ 35. Kf3 Nc2 0-1

[Event "?"]
[Site "?"]
[Date "2014.04.15"]
[Round "1.12"]
[White "Leopold, Christian"]
[Black "Pidtoptanyy, Igor"]
[Result "1/2-1/2"]
[WhiteElo "2060"]
[BlackElo "1989"]
[PlyCount "112"]
[EventDate "2014.??.??"]
[WhiteTeam "SV Lauf a.d.P."]
[BlackTeam "SW Nürnberg Süd e.V."]

1. e4 e5 2. Bc4 Nf6 3. d3 Nc6 4. Nc3 Be7 5. f4 d6 6. Nf3 Bg4 7. h3 Bxf3 8. Qxf3
Nd4 9. Qd1 c6 10. a4 d5 11. exd5 cxd5 12. Bb5+ Nxb5 13. Nxb5 a6 14. Nc3 exf4
15. Bxf4 O-O 16. O-O Qb6+ 17. Kh1 d4 18. Ne2 Nd5 19. c4 Nb4 20. Rf3 Rad8 21.
Qd2 Bd6 22. Raf1 Bxf4 23. Rxf4 Rd6 24. Rf5 Rg6 25. a5 Qd6 26. c5 Qe7 27. Nxd4
Nc6 28. Nxc6 bxc6 29. d4 Re6 30. R1f2 Re1+ 31. Kh2 f6 32. d5 cxd5 33. Rxd5 Qc7+
34. g3 Rfe8 35. b4 R1e3 36. Rd6 Kh8 37. Rg2 h5 38. h4 R3e4 39. Qd5 R8e5 40.
Rd8+ Kh7 41. Qd3 f5 42. Rd4 Rxd4 43. Qxd4 Re4 44. Qd6 Qxd6 45. cxd6 Rd4 46. Rb2
Rxd6 47. b5 axb5 48. Kg2 b4 49. Rxb4 Rd2+ 50. Kf3 Ra2 51. Rb5 g6 52. Kf4 Kh6
53. Ke5 Ra3 54. Kf6 Rxg3 55. Rb8 Kh7 56. Rb7+ Kh6 1/2-1/2

[Event "?"]
[Site "?"]
[Date "2014.04.15"]
[Round "1.13"]
[White "Korth, Manfred"]
[Black "Zühlke, Burkhard"]
[Result "0-1"]
[WhiteElo "1904"]
[BlackElo "2087"]
[PlyCount "102"]
[EventDate "2014.??.??"]
[WhiteTeam "SC Heideck-Hilpoltstein"]
[BlackTeam "SK Zirndorf e.V."]

1. Nf3 d6 2. d4 Nf6 3. Bf4 g6 4. e3 Bg7 5. h3 O-O 6. Be2 Nfd7 7. O-O e5 8. Bh2
Qe7 9. c4 Re8 10. Re1 c6 11. Nc3 f5 12. Rc1 Na6 13. a3 e4 14. Nd2 Nf6 15. b4
Nc7 16. c5 d5 17. b5 Ne6 18. bxc6 bxc6 19. Bd6 Qd7 20. Rb1 Bf8 21. Bh2 Bh6 22.
Be5 Rf8 23. Nf1 f4 24. exf4 Nxf4 25. Ne3 Bg5 26. Bd6 Rf7 27. Bg4 Qe8 28. Bxc8
Qxc8 29. Ng4 Nd3 30. Rf1 Nxg4 31. Qxg4 Qxg4 32. hxg4 Re8 33. Nd1 Bf6 34. Nb2
Nxb2 35. Rxb2 Bxd4 36. Rb4 Bc3 37. Rb3 d4 38. Rfb1 e3 39. fxe3 Rxe3 40. Rb8+
Kg7 41. R1b7 Re1+ 42. Kh2 g5 43. Bg3 Re4 44. Rxf7+ Kxf7 45. Rd8 Ke7 46. Rd6 Re6
47. Kg1 Rxd6 48. Bxd6+ Ke6 49. Kf2 Kd5 50. Kf3 Bb2 51. a4 Ba3 0-1

[Event "?"]
[Site "?"]
[Date "2014.04.15"]
[Round "1.14"]
[White "Walter, Thomas"]
[Black "Tong, Kevin"]
[Result "0-1"]
[WhiteElo "2128"]
[BlackElo "1699"]
[PlyCount "62"]
[EventDate "2014.??.??"]
[WhiteTeam "SC Erlangen 48/88 e.V."]
[BlackTeam "SC Erlangen 48/88 e.V."]

1. e4 c5 2. Nc3 Nc6 3. f4 g6 4. Nf3 Bg7 5. Bb5 e6 6. Bxc6 bxc6 7. O-O Ne7 8. d3
d5 9. Qe1 Rb8 10. Qh4 Bd7 11. Kh1 O-O 12. Na4 Rb5 13. Bd2 d4 14. f5 exf5 15.
Bh6 fxe4 16. Ng5 Nf5 17. Rxf5 Bxf5 18. Bxg7 Kxg7 19. Qxh7+ Kf6 20. dxe4 Kxg5
21. exf5 c4 22. Rf1 Rxf5 23. Rxf5+ Kxf5 24. Qh3+ Kf6 25. Qf3+ Kg7 26. Qxc6 Re8
27. h3 d3 28. cxd3 cxd3 29. Qc3+ Kg8 30. Qd2 Re2 31. Qd1 d2 0-1

[Event "?"]
[Site "?"]
[Date "2014.04.15"]
[Round "1.15"]
[White "Friedrich, Michael"]
[Black "Wittmann, Helmut"]
[Result "0-1"]
[WhiteElo "1656"]
[BlackElo "2105"]
[PlyCount "130"]
[EventDate "2014.??.??"]
[WhiteTeam "SC Erlangen 48/88 e.V."]
[BlackTeam "BSG Wöhrlhaus Erlangen"]

1. Nf3 d5 2. g3 c6 3. Bg2 Bg4 4. O-O Nd7 5. d3 Ngf6 6. c4 dxc4 7. dxc4 e5 8.
Nc3 Be7 9. Be3 Qc7 10. Qc2 O-O 11. Nh4 Rfd8 12. Nf5 Bf8 13. Ne4 Nxe4 14. Bxe4
Nc5 15. Bg2 Qd7 16. Nh4 Ne6 17. Rad1 Nd4 18. Bxd4 exd4 19. Be4 g6 20. Nf3 Bg7
21. c5 Qe7 22. Rfe1 Bf8 23. b4 a5 24. a3 Re8 25. Nd2 axb4 26. axb4 Ra3 27. Bd3
Rc3 28. Qb2 Qe6 29. Rc1 Qd5 30. Rxc3 Bh3 31. f3 dxc3 32. Qxc3 Bg7 33. Qc4 Qd4+
34. Qxd4 Bxd4+ 35. Kh1 Bc3 36. Rd1 Bxb4 37. Ne4 Re5 38. Rb1 Bxc5 39. Rxb7 Be3
40. Rc7 Ra5 41. Rb7 Ra1+ 42. Rb1 Rxb1+ 43. Bxb1 f5 44. Nd6 Kg7 45. Nc4 Bf2 46.
f4 Bf1 47. Bd3 Kf6 48. Nd2 Bh3 49. e4 Be3 50. e5+ Ke6 51. Nf3 h6 52. Bc4+ Ke7
53. Ng1 Bg4 54. Be2 Bxe2 55. Nxe2 g5 56. Kg2 g4 57. Nc3 Ke6 58. h3 h5 59. hxg4
fxg4 60. Ne2 c5 61. Kf1 Bd2 62. Kf2 Kd5 63. Kf1 c4 64. Ng1 Ba5 65. Ke2 Bb6 0-1

[Event "?"]
[Site "?"]
[Date "2014.04.15"]
[Round "2.1"]
[White "Hirn, Oskar"]
[Black "Seibold, Hubert"]
[Result "0-1"]
[WhiteElo "2229"]
[BlackElo "2163"]
[PlyCount "44"]
[EventDate "2014.??.??"]
[WhiteTeam "SC Noris-Tarrasch Nürnberg 1873"]
[BlackTeam "SK Zirndorf e.V."]

1. c4 c5 2. Nc3 Nc6 3. Nf3 g6 4. g3 Bg7 5. Bg2 d6 6. O-O e5 7. d3 Nge7 8. a3 a5
9. Rb1 O-O 10. Ne1 Be6 11. Nc2 d5 12. cxd5 Nxd5 13. Ne3 Nce7 14. Qa4 b6 15. Rd1
Rb8 16. Nexd5 Nxd5 17. Nxd5 Bxd5 18. Bg5 Qxg5 19. Bxd5 Rfd8 20. e4 Bf8 21. h4
Qg4 22. Kg2 Rxd5 0-1

[Event "?"]
[Site "?"]
[Date "2014.04.15"]
[Round "2.2"]
[White "Kotz, Reinhard"]
[Black "Meulner, Klaus"]
[Result "1/2-1/2"]
[WhiteElo "2180"]
[BlackElo "2123"]
[PlyCount "22"]
[EventDate "2014.??.??"]
[WhiteTeam "SV Puschendorf 1949 e.V."]
[BlackTeam "SW Nürnberg Süd e.V."]

1. f4 e5 2. fxe5 d6 3. exd6 Bxd6 4. Nf3 Nf6 5. d4 Nc6 6. Bg5 Bg4 7. c3 h6 8.
Bxf6 Qxf6 9. e4 O-O-O 10. Nbd2 Bf4 11. Be2 Qe7 1/2-1/2

[Event "?"]
[Site "?"]
[Date "2014.04.15"]
[Round "2.3"]
[White "Willim, Michael"]
[Black "Reis, Gerhard"]
[Result "1/2-1/2"]
[WhiteElo "2141"]
[BlackElo "2202"]
[PlyCount "40"]
[EventDate "2014.??.??"]
[WhiteTeam "SC Erlangen 48/88 e.V."]
[BlackTeam "SW Nürnberg Süd e.V."]

1. c4 Nf6 2. Nf3 c6 3. d4 d5 4. e3 e6 5. Nbd2 Nbd7 6. Bd3 Bd6 7. O-O O-O 8. b3
e5 9. cxd5 cxd5 10. dxe5 Nxe5 11. Nxe5 Bxe5 12. Ba3 Bxa1 13. Bxf8 Bc3 14. Nb1
Be5 15. Bb4 Ng4 16. g3 Qb6 17. Bc3 Qh6 18. h4 Be6 19. Bxe5 Nxe5 20. Be2 Qf6
1/2-1/2

[Event "?"]
[Site "?"]
[Date "2014.04.15"]
[Round "2.4"]
[White "Miller, Eduard"]
[Black "Zühlke, Burkhard"]
[Result "1-0"]
[WhiteElo "2094"]
[BlackElo "2087"]
[PlyCount "105"]
[EventDate "2014.??.??"]
[WhiteTeam "SC Erlangen 48/88 e.V."]
[BlackTeam "SK Zirndorf e.V."]

1. e4 d6 2. d4 Nf6 3. Nc3 g6 4. Be2 Bg7 5. h4 c5 6. dxc5 Qa5 7. Qd3 Qxc5 8. Be3
Qa5 9. Qb5+ Qxb5 10. Nxb5 Na6 11. f3 Nh5 12. c3 O-O 13. Nxa7 Be6 14. Bxa6 bxa6
15. Nc6 Ng3 16. Rh2 f5 17. Ne2 Nxe2 18. Kxe2 fxe4 19. fxe4 Bf6 20. Bg5 Rfe8 21.
Ke3 Rac8 22. Nd4 Bd7 23. g3 Rc5 24. Nf3 Kg7 25. Rd2 Bxg5+ 26. Nxg5 h6 27. Nf3
Bg4 28. Rd5 Rf8 29. Nh2 Be6 30. Rxc5 dxc5 31. Nf3 Rd8 32. b3 Bg4 33. Ne5 Be6
34. c4 g5 35. Nd3 Rc8 36. Rd1 a5 37. Nb2 g4 38. Rf1 Rc6 39. Na4 Bf7 40. Rf5 Bg6
41. Rf2 e5 42. Nb2 Bh7 43. Nd3 a4 44. bxa4 Ra6 45. Rc2 Rxa4 46. Nxc5 Ra3+ 47.
Nd3 Bg8 48. c5 Kf6 49. c6 Rxa2 50. Rxa2 Bxa2 51. Nb4 Bc4 52. c7 Be6 53. Nd5+
1-0

[Event "?"]
[Site "?"]
[Date "2014.04.15"]
[Round "2.5"]
[White "Wittmann, Helmut"]
[Black "Wagner, Florian"]
[Result "0-1"]
[WhiteElo "2105"]
[BlackElo "2189"]
[PlyCount "66"]
[EventDate "2014.??.??"]
[WhiteTeam "BSG Wöhrlhaus Erlangen"]
[BlackTeam "SC Noris-Tarrasch Nürnberg 1873"]

1. d4 d5 2. c4 c6 3. Nf3 Nf6 4. Nc3 a6 5. Ne5 g6 6. cxd5 cxd5 7. Bg5 Bg7 8. Qb3
Nc6 9. Bxf6 exf6 10. Nxc6 bxc6 11. Qa3 Bf8 12. Qa4 Bd7 13. e4 dxe4 14. Bc4 Rb8
15. O-O f5 16. Qxa6 Bg7 17. d5 cxd5 18. Nxd5 O-O 19. Rfd1 Kh8 20. Rab1 Qg5 21.
g3 Be6 22. h4 Qh6 23. Qa5 f4 24. Qd2 e3 25. Qe2 exf2+ 26. Qxf2 fxg3 27. Qxg3
Bxb2 28. Kg2 Qg7 29. Bb3 Be5 30. Qe3 Bg4 31. Re1 Rbe8 32. Ba4 Be6 33. Qxe5 Bh3+
0-1

[Event "?"]
[Site "?"]
[Date "2014.04.15"]
[Round "2.6"]
[White "Tong, Kevin"]
[Black "Ederer, Rene"]
[Result "0-1"]
[WhiteElo "1699"]
[BlackElo "2116"]
[PlyCount "86"]
[EventDate "2014.??.??"]
[WhiteTeam "SC Erlangen 48/88 e.V."]
[BlackTeam "SC Noris-Tarrasch Nürnberg 1873"]

1. e4 d6 2. d4 Nf6 3. Nc3 g6 4. Be3 c6 5. f3 Nbd7 6. Qd2 e5 7. Bc4 Bg7 8. Nge2
Qe7 9. g4 Nb6 10. Bb3 h5 11. gxh5 Nxh5 12. O-O-O Bd7 13. Kb1 Nf6 14. a3 Be6 15.
d5 cxd5 16. Nxd5 Nbxd5 17. exd5 Bd7 18. Nc3 Qf8 19. Qe2 a6 20. Na4 Bxa4 21.
Bxa4+ b5 22. Bb3 Qe7 23. a4 Qd7 24. axb5 axb5 25. Qd2 Qc8 26. Qb4 Qa6 27. Kc1
Bh6 28. Bxh6 Rxh6 29. Rde1 Nd7 30. h4 Ke7 31. f4 Rh5 32. fxe5 Rxe5 33. Rxe5+
Nxe5 34. Re1 Kd7 35. Qc3 Rc8 36. Qh3+ Ke7 37. Qg3 Qa1+ 38. Kd2 Qxb2 39. h5 Qd4+
40. Ke2 Rc3 41. Qg5+ Kd7 42. Qd2 Qg4+ 43. Kf2 Rf3+ 0-1

[Event "?"]
[Site "?"]
[Date "2014.04.15"]
[Round "2.7"]
[White "Just, Hannes"]
[Black "Leopold, Christian"]
[Result "1-0"]
[WhiteElo "2137"]
[BlackElo "2060"]
[PlyCount "85"]
[EventDate "2014.??.??"]
[WhiteTeam "SW Nürnberg Süd e.V."]
[BlackTeam "SV Lauf a.d.P."]

1. e4 d6 2. d4 Nf6 3. Nc3 e5 4. Nf3 Nbd7 5. Bc4 Be7 6. O-O O-O 7. Re1 c6 8. a4
b6 9. b3 a6 10. Ba3 Qc7 11. dxe5 Nxe5 12. Be2 Nxf3+ 13. Bxf3 Be6 14. Qe2 b5 15.
e5 Nd7 16. axb5 Nxe5 17. Be4 axb5 18. Nxb5 Qb8 19. Nd4 Qb6 20. Bb2 Bg4 21. Qd2
Rxa1 22. Bxa1 Bf6 23. Kh1 d5 24. Bf5 c5 25. f4 cxd4 26. Bxd4 Qd8 27. fxe5 Bg5
28. Qd3 Bxf5 29. Qxf5 Re8 30. Ra1 g6 31. Qf3 Bh6 32. Ra7 f5 33. b4 Bg7 34. Qf4
Qb8 35. c3 Bxe5 36. Qh6 Qxa7 37. Bxa7 Bxc3 38. h3 Re1+ 39. Kh2 Be5+ 40. g3 Re2+
41. Kg1 d4 42. Qc1 d3 43. Qc4+ 1-0

[Event "?"]
[Site "?"]
[Date "2014.04.15"]
[Round "2.8"]
[White "Pidtoptanyy, Igor"]
[Black "Saathoff, Richard"]
[Result "0-1"]
[WhiteElo "1989"]
[BlackElo "2139"]
[PlyCount "78"]
[EventDate "2014.??.??"]
[WhiteTeam "SW Nürnberg Süd e.V."]
[BlackTeam "SW Nürnberg Süd e.V."]

1. e4 e5 2. Nf3 Nc6 3. d4 exd4 4. Nxd4 Bc5 5. Nb3 Bb6 6. Nc3 Qf6 7. f4 Nge7 8.
Na4 O-O 9. Nxb6 axb6 10. c3 Qe6 11. Bd3 d5 12. Qe2 dxe4 13. Qxe4 Qxe4+ 14. Bxe4
Be6 15. Bc2 Bf5 16. Bxf5 Nxf5 17. Kf2 Nd6 18. Nd2 Nd8 19. Re1 Ne6 20. Kf3 Nc5
21. Re3 Rfe8 22. Rxe8+ Rxe8 23. b3 Nd3 24. Ba3 Ne1+ 25. Kf2 Nc2 26. Bxd6 Nxa1
27. Bxc7 b5 28. c4 bxc4 29. Nxc4 f6 30. Bb6 Nc2 31. a4 Nb4 32. a5 Re7 33. Kf3
Rd7 34. Bc5 Rd3+ 35. Ke4 f5+ 36. Kxf5 Rd5+ 37. Ke6 Rxc5 38. Nd6 Rxa5 39. Nxb7
Ra2 0-1

[Event "?"]
[Site "?"]
[Date "2014.04.15"]
[Round "2.9"]
[White "Götz, Andreas"]
[Black "Surinya, Tibor"]
[Result "1/2-1/2"]
[WhiteElo "2116"]
[BlackElo "2063"]
[PlyCount "36"]
[EventDate "2014.??.??"]
[WhiteTeam "SC Erlangen 48/88 e.V."]
[BlackTeam "SC Noris-Tarrasch Nürnberg 1873"]

1. Nf3 Nf6 2. c4 e6 3. b3 d5 4. e3 b6 5. Bb2 Bb7 6. Be2 Be7 7. O-O O-O 8. Qc2
Nbd7 9. Nc3 Rc8 10. cxd5 exd5 11. d4 c6 12. Bd3 Bd6 13. e4 dxe4 14. Nxe4 Nxe4
15. Bxe4 Nf6 16. Bf5 Rc7 17. Qd2 Nd5 18. Be4 Re8 1/2-1/2

[Event "?"]
[Site "?"]
[Date "2014.04.15"]
[Round "2.10"]
[White "Brenner, Christian"]
[Black "Walter, Thomas"]
[Result "0-1"]
[WhiteElo "2064"]
[BlackElo "2128"]
[PlyCount "82"]
[EventDate "2014.??.??"]
[WhiteTeam "Spvg Zabo-Eintracht Nürnberg e.V"]
[BlackTeam "SC Erlangen 48/88 e.V."]

1. e4 c5 2. Nf3 g6 3. d4 cxd4 4. Nxd4 Bg7 5. c4 Nf6 6. Nc3 d6 7. Be2 Bd7 8. O-O
Nc6 9. Be3 Nxd4 10. Bxd4 O-O 11. Qd2 Bc6 12. f3 a5 13. b3 Nd7 14. Rfd1 Nc5 15.
Rac1 Bxd4+ 16. Qxd4 Qb6 17. Kh1 a4 18. Rb1 axb3 19. Rxb3 Qc7 20. Rb4 Ra3 21.
Rdb1 Qa5 22. Nd5 Bxd5 23. cxd5 Rxa2 24. Bf1 Ra8 25. e5 Ra1 26. exd6 exd6 27.
Qb2 Rxb1 28. Qxb1 Re8 29. h3 Re5 30. f4 Rxd5 31. Bc4 Rd1+ 32. Qxd1 Qxb4 33. Qd5
Qe1+ 34. Kh2 Qe6 35. Qd4 Qe4 36. Qxd6 Qxc4 37. f5 Nd3 38. fxg6 Qf4+ 39. Qxf4
Nxf4 40. gxf7+ Kxf7 41. Kg3 Nd5 0-1

[Event "?"]
[Site "?"]
[Date "2014.04.15"]
[Round "2.11"]
[White "Rausch, Wolfgang sr"]
[Black "Erlbeck, Peter"]
[Result "0-1"]
[WhiteElo "1888"]
[BlackElo "2091"]
[PlyCount "66"]
[EventDate "2014.??.??"]
[WhiteTeam "SC Noris-Tarrasch Nürnberg 1873"]
[BlackTeam "SW Nürnberg Süd e.V."]

1. c4 e5 2. Nc3 Nc6 3. Nf3 f5 4. d4 e4 5. d5 Nce7 6. Nd4 Nf6 7. Bg5 d6 8. Bxf6
gxf6 9. f4 Bg7 10. e3 O-O 11. Be2 c6 12. O-O Kh8 13. Qb3 a6 14. Rfd1 Qa5 15.
Ne6 Bxe6 16. dxe6 Qc7 17. Na4 b5 18. Nc3 Rfd8 19. Rac1 Qa7 20. Kf2 bxc4 21.
Bxc4 d5 22. Be2 Bh6 23. g3 Rab8 24. Qc2 d4 25. exd4 Rxd4 26. Rxd4 Qxd4+ 27. Kf1
Bxf4 28. gxf4 Rg8 29. Ke1 Rg2 30. Nd1 Qg1+ 31. Kd2 Qxh2 32. Qc4 Nd5 33. Qxa6
Qxf4+ 0-1

[Event "?"]
[Site "?"]
[Date "2014.04.15"]
[Round "2.12"]
[White "Zhao, Kevin"]
[Black "Kroneder, Christian"]
[Result "1-0"]
[WhiteElo "1867"]
[BlackElo "2059"]
[PlyCount "69"]
[EventDate "2014.??.??"]
[WhiteTeam "SC Erlangen 48/88 e.V."]
[BlackTeam "SK Schwanstetten 79 e.V."]

1. e4 c5 2. Nf3 d6 3. d4 cxd4 4. Nxd4 Nf6 5. Nc3 a6 6. Be2 e5 7. Nb3 Be7 8. O-O
O-O 9. Be3 b5 10. a3 Bb7 11. Bf3 Nbd7 12. Qe2 Rc8 13. Rad1 Nb6 14. Nc5 Nc4 15.
Nxb7 Qc7 16. Nxd6 Bxd6 17. Bc1 Qb8 18. Nd5 Nxd5 19. Rxd5 Rc6 20. Bg4 Qc7 21. c3
Rb8 22. Rfd1 h6 23. Qd3 Rd8 24. Qg3 Kh7 25. Bf5+ g6 26. Qh3 gxf5 27. Qxh6+ Kg8
28. R1d3 Bf8 29. Qg5+ Rg6 30. Qxd8 Qxd8 31. Rxd8 fxe4 32. Rh3 e3 33. Bxe3 Nxe3
34. Rxe3 f6 35. Rg3 1-0